000 00551nam a2200193 a 4500
005 20140311163001.0
008 020819s19uu xx 00 eng d
020 _a9780071244381
050 _aHF 5415
_b.D92 2006
100 _aDwyer, F. Robert
245 _aBusiness marketing :
_cF. Robert Dwyer.
_bconnecting strategy, relationships and learning /
260 _aBoston :
_bMcGraw Hill,
_c2006.
300 _a670 p. :
_c26 cm.
500 _aIncludes Index
521 _aBSBA
650 _aMarketing
942 _cBK
_2lcc
_kFOR
999 _c39201
_d39201